000 00535nam a22002177a 4500
005 20170124110127.0
010 _aA-140470
020 _c00.00
035 _aA-140470
037 _aCen Lib/Ret
040 _aDPL
_bEN
082 _aN
_bCAN
100 _aCanning, Victor
_931683
245 _aThe whip hand /
_cby Victor Canning
260 _aLondon
_bThe companion book club
_c1965
270 _bLondon
300 _a222p.
_c19cm(Hb)
650 _a literature
_96262
650 _aNovel
_922513
942 _2ddc
_cEN
_hN
_mCAN
999 _c131390
_d131390